000 00811nam a2200217 a 4500
008 951215s1987||||[C 0 slo c
020 _c18 Kčs.
_q(18000 výtl.)
040 _aSNK
_bslo
_cSNK
_eAACR2
041 1 _aslo
_hrus
080 _a141.82(081)
100 1 _aLenin, Vladimir Iľjič
_4aut
245 1 0 _aZobrané spisy. /Zv./ 39
_bJún-december 1919
_cVladimir Iľjič Lenin ; Izabela Kunová, Oto Takáč
250 _a2., vyd.
260 _aBratislava
_bPravda
_c1987
_eBratislava
_fPravda
300 _a743 s., 33,09 AH
_bFot.
_c21 cm
500 _aLit. 350. Zozn. prác V. I. Lenina, ktoré sa doteraz nenašli. Faksim. rkp. Zozn. Pozn. Reg. Životopis. údaje. 350 zázn. v slov., češ. a ruš.
700 1 _aKunová, Izabela
_4trl
700 1 _aTakáč, Oto
_4bkd
044 _axo
_cSK
958 _aA
999 _c15454
_d15454